000 00576nam a22001937a 4500
005 20250829164438.0
008 250829b |||||||| |||| 00| 0 eng d
037 _cTB
040 _aCRL
_cCRL
041 _2हिन्दी
_aहिन्दी
084 _qCRL
100 _aजयदयाल
_9819437
245 _aसंक्षिप्त महाभारत
250 _a2 nd
260 _aगोरखपुर, भारत:
_bगीताप्रेस,
_c1974.
300 _a864 प.
942 _2CC
_cTB
_n0
999 _c1435007
_d1435007